00944nam a22001817a 4500003000900000008004100009040007100050082001800121100002300139245007300162260003300235300003400268505036200302650002400664650001600688650002100704700003700725AR-CdUCM190517b ||||| |||| 00| 0 spa d aMUNICIPALIDAD PROVINCIAL DEL CUSCOcBIBLIOTECA MUNICIPAL DEL CUSCO a170.8 /bSA16 aSainte - Beuve, M. aReflexiones, sentencias y máximas morales de :bla Rochefoucauld / aParís :bGarnier Hermanos. aLXVI, 194 páginas :c19 cm. aContenido: La Rechefoucaulde por M. de Sainte -Beuve -- Retrato del Duque de la Rechefoucaulde -- Reflexiones o sentencias y Máximas morales -- Pensamientos suprimidos con fecha por el autor de las ediciones -- Pensamientos sacados en las cartas manuscritas que se encuentran en la biblioteca del Rey -- Reflexiones diversas del Duque de La Rechefoucauld. aMáximas francesas aReflexiones aLa Rechefoucauld aMachado, Manuél (traducción)